Introduction to linear regression analysis /

Bibliographic Details
Main Author: Montgomery, Douglas C.
Other Authors: Peck, Elizabeth A., 1953-
Format: Book
Language:English
Published: New York : Wiley, [1982]
Series:Wiley series in probability and mathematical statistics. Applied probability and statistics.
Subjects:

MARC

Tag First Indicator Second Indicator Subfields
LEADER 00000cam a2200000 a 4500
001 in00000088701
005 20151008065218.0
008 810716s1982 nyua b 00110 eng
010 |a  81011512  
020 |a 0471058505 
035 |a (OCoLC)07652727 
035 |9 AAK5549AM 
040 |a DLC  |c DLC  |d m/c  |d TXA  |d UtOrBLW 
049 |a TXAM  |c [A09538057] 
050 0 0 |a QA278.2  |b .M65 
082 0 |a 519.5/36  |2 19 
100 1 |a Montgomery, Douglas C. 
245 1 0 |a Introduction to linear regression analysis /  |c Douglas C. Montgomery, Elizabeth A. Peck. 
264 1 |a New York :  |b Wiley,  |c [1982] 
264 4 |c ©1982 
300 |a xiii, 504 pages :  |b illustrations ;  |c 24 cm. 
336 |a text  |b txt  |2 rdacontent 
337 |a unmediated  |b n  |2 rdamedia 
338 |a volume  |b nc  |2 rdacarrier 
490 1 |a Wiley series in probability and mathematical statistics. Applied probability and statistics,  |x 0271-6356 
504 |a Bibliography: pages 447-459. 
500 |a Includes indexes. 
650 0 |a Regression analysis. 
700 1 |a Peck, Elizabeth A.,  |d 1953- 
830 0 |a Wiley series in probability and mathematical statistics.  |p Applied probability and statistics. 
999 |a MARS 
999 f f |s 04a10889-716c-3fb0-8f19-e486d71b18b7  |i 912e08ce-330e-384f-b61e-d3ae2163bd05  |t 0 
952 f f |p normal  |a Texas A&M University  |b College Station  |c Sterling C. Evans Library  |s Evans stk  |d Evans: Library Stacks  |t 0  |e QA278.2 .M65  |h Library of Congress classification  |i unmediated -- volume  |m A14806204235 
998 f f |a QA278.2 .M65  |t 0  |l Evans: Library Stacks